1318 1350 1176 1699 1702 1888 1713 1144 1694 1462 1226 1174 1442 1011 1191 1642 1574 1027 1913 1853 1234 1548 1772 1113 1555 1470 1270 1497 1326 1146 1330 1027 1781 1655 1780 1308 1248 1961 1549 1486 1650 1887 1601 1633 1892 1444 1568 1126 1525 1042 1289 1319 1206 1558 1354 1860 1000 1925 1128 1528 1337 1242 1443 1253 1150 1273 1646 1978 1873 1608 1580 1231 1213 1182 1714 1362 1682 1957 1974 1092 1506 1563 1958 1004 1075 1057 1079 1236 1445 1634 1128 1210 1601 1934 1378 1698 1391 1036 1800 BCNSPRNW ULIB Ver.6.0+V

เปลี่ยนเป็นภาษาไทย

Change to English
 แสดงรายละเอียดบรรณานุกรม
  กลับหน้าหลัก

Brief Record : Get Marc (ISO 2709) : E-mail record : QR code < ปิดหน้าต่าง
LEADER : 00000nam 2200000uu 4500
001    13399111392
003     ULIB
008    110623s||||||||th 000 0 tha d
020    9749461622 (ล.1)
020    9789749461624
050  4 BQ336^bต398ค ล.1 2551
100 0  นัท ฮันห์,^cติช
245 10 คือเมฆสีขาว ทางก้าวเก่าแก่ เล่ม1/^cติช นัท ฮันห์, เขียน ; รสนา โตสิตระกูล, สันติสุข โสภณสิริ, แปล
250    พิมพ์ครั้งที่ 4
260    กรุงเทพฯ :^bมูลนิธิโกมลคีมทอง,^c2551
300    3 เล่ม :^bภาพประกอบ ;^c21 ซม.
650  7 พระพุทธเจ้า
700 0  รสนา โตสิตระกูล,^eผู้แปล
700 0  สันติสุข โสภณสิริ,^eผู้แปล
945    ^p180^l0^i024879
995    ทศพร
999 ^a ใช้งานได้ทุกระบบ
รายการนี้ยังไม่มีแท็ก
คุณยังไม่ได้ล็อกอิน คุณสามารถมีกิจกรรมร่วมกับเว็บไซต์ได้ แต่ต้องล็อกอินก่อน ::
  ล็อกอิน

รายการสื่อสารสนเทศ

ลำดับที่ ประเภท เลขเรียก/บาร์โค้ด สถานที่ สถานะ
- ไม่พบข้อมูล -

รายการใกล้เคียง
    หัวเรื่อง [พระพุทธเจ้า]

BibComment


ยังไม่เคยถูกคอมเมนท์

คอมเมนท์ทรัพยากรรายการนี้
  คอมเมนท์: คือเมฆสีขาว ทางก้..


 Copyright 2026. Bcnsprnw @Library